| 000 | 00480nam a2200181Ia 4500 | ||
|---|---|---|---|
| 999 |
_c4227 _d4227 |
||
| 020 | _a81-86706-22-4 | ||
| 082 | _a305.42 NUS-W SL1 | ||
| 100 | _aNussbaum, Martha C. | ||
| 245 | 0 | _aWomen and human development: the capabilities approach | |
| 260 |
_aNew Delhi _bKali for Women _c2000 |
||
| 300 | _axv, 312 | ||
| 504 | _aincludes index | ||
| 650 | _aReligion and sociology | ||
| 650 | _aFeminism | ||
| 650 |
_aWomen _vSocial conditions |
||
| 650 | _aValues | ||
| 942 | _cBK | ||